| 000 | 00836nam a2200253 a 4500 | ||
|---|---|---|---|
| 005 | 20160104051215.0 | ||
| 008 | 140224t1990 dk ||||fr|||| 00| 0 eng d | ||
| 020 | _a8788757161 | ||
| 040 |
_aCO-BoIAVH _cCO-BoIAVH |
||
| 041 | _aeng | ||
| 082 |
_a598.09 _bF56b |
||
| 090 |
_aLB _b00772 |
||
| 100 | 1 |
_aFjeldsa, Jon _945344 |
|
| 245 | 1 |
_aBirds of the high Andes _ba manual to the birds of the temperate zone of the Andes and Patagonia, South America _cJon Fjeldsa y Niels krabbe |
|
| 260 |
_aCopenhague _bUniversity of Copenhagen _bApollo Books _c1990 |
||
| 300 |
_a880 páginas : _bilustraciones ; _c24 x 17 cm. |
||
| 650 | 4 |
_aEcosistemas de montaña _945345 |
|
| 650 |
_aAves _945346 |
||
| 650 |
_aAvifauna _945347 |
||
| 650 |
_aZona templada _99178 |
||
| 650 |
_aPatagonia _99179 |
||
| 700 |
_aKrabbe, Niels _99180 |
||
| 942 |
_cLIBRO _2ddc |
||
| 999 |
_c786 _d786 |
||